Galway Senior Football Championship Winners - Statistics

General Stats
  • This quiz has been taken 4 times
  • The average score is 110 of 127
Answer Stats
Year Winners Score Runners-up Score % Correct
1996 An Cheathrú Rua 1-11 (14) Oranmore-Maree 0-10 (10)
100%
1931 Annaghdown 4-02 (15) St Grellan's, Ballinasloe 0-13 (13)
100%
1982 Annaghdown 1-09 (12) Mountbellew/Moylough 0-07 (07)
100%
1985 Annaghdown 0-06 (06),1-08 (11) (R) Monivea-Abbey 0-06,1-06 (09) (R)
100%
1987 Annaghdown 1-07 (10) Milltown 0-07 (07)
100%
2001 Annaghdown 1-07 (10) Killererin 0-08 (08)
100%
2003 Caltra 3-11 (20) Killererin 0-05 (05)
100%
1932 Corofin 3-05 (14) Tuam Stars 1-03 (06)
100%
1946 Corofin 1-03 (06) St Grellan's, Ballinasloe 0-02 (02)
100%
1977 Corofin 1-09 (12) Moycullen 0-03 (03)
100%
1991 Corofin 2-06 (12),0-14 (14) (R) Salthill-Knocknacarra 0-12 (12),0-06 (06) (R)
100%
1993 Corofin 2-10 (16) Salthill-Knocknacarra 0-13 (13)
100%
1995 Corofin 2-08 (14) Tuam Stars 0-11 (11)
100%
1997 Corofin 0-09 (09) Dunmore MacHales 0-06 (06)
100%
1998 Corofin 1-09 (12) An Cheathrú Rua 0-08 (08)
100%
2000 Corofin 1-03 (06) Killanin 0-03 (03)
100%
2002 Corofin 3-11 (20) Annaghdown 2-02 (08)
100%
2006 Corofin 1-10 (13) Caltra 0-09 (09)
100%
2008 Corofin 0-08 (08) Cortoon Shamrocks 0-05 (05)
100%
2009 Corofin 0-09 (09),0-11 (11) (R) Mountbellew/Moylough 0-09 (09),1-05 (08) (R)
100%
2011 Corofin 0-16 (16) Tuam Stars 1-06 (09)
100%
2013 Corofin 2-13 (19) Salthill-Knocknacarra 0-07 (07)
100%
2014 Corofin 5-12 (28) St. Michael's 0-09 (09)
100%
2015 Corofin 3-13 (22) Mountbellew-Moylough 0-12 (12)
100%
2016 Corofin 0-16 (16) Salthill Knocknacarra 0-11 (11)
100%
2017 Corofin 2-14 (17) Mountbellew-Moylough 0-10 (10)
100%
2018 Corofin 0-07 (07),1-08 (11) (R) Mountbellew-Moylough 0-07 (07),0-05 (05) (R)
100%
2019 Corofin 0-15 (15),0-11 (11) (R) Tuam Stars 2-09 (15),0-08 (08) (R)
100%
1889 Dunmore MacHales Awarded
100%
1891 Dunmore MacHales 0-02 (02) Mountbellew 0-01 (01)
100%
1900 Dunmore MacHales 0-02 (02) Belcare Harpers 0-00 (00)
100%
1902 Dunmore MacHales 0-06 (06) Tuam Krugers 0-04 (04)
100%
1907 Dunmore MacHales 0-01 (01) St Grellan's, Ballinasloe 0-00 (00)
100%
1910 Dunmore MacHales Awarded St Grellan's, Ballinasloe
100%
1912 Dunmore MacHales 3-00 (09) Castlefrench 0-00 (00)
100%
1953 Dunmore MacHales 2-05 (11) Oughterard 0-04 (04)
100%
1961 Dunmore MacHales 1-03 (06) Ballygar 0-05 (05)
100%
1963 Dunmore MacHales 2-19 (25) Mountbellew 2-04 (10)
100%
1966 Dunmore MacHales 2-12 (18) Fr. Griffins 3-05 (14)
100%
1968 Dunmore MacHales 2-10 (16) Fr. Griffins 1-08 (11)
100%
1969 Dunmore MacHales 1-08 (11) Tuam Stars 1-06 (09)
100%
1973 Dunmore MacHales 2-11 (17) UCG 0-12 (12)
100%
1983 Dunmore MacHales 1-08 (11) Clonbur 1-06 (09)
100%
1976 Killererin 2-05 (11) Mountbellew 1-04 (07)
100%
1978 Killererin 1-04 (07),2-06 (12) (R) Milltown 1-04 (07),0-11 (11) (R)
100%
1999 Killererin 1-06 (09),1-12 (15) (R) An Cheathrú Rua 0-09 (09),1-08 (11) (R)
100%
2004 Killererin 1-10 (13) Salthill-Knocknacarra 0-10 (10)
100%
2007 Killererin 1-09 (12) Milltown 0-10 (10)
100%
2010 Killererin 1-10 (13) Corofin 1-07 (10)
100%
1897 Loughrea Awarded Tuam Stars
100%
1898 Loughrea 0-04 (04) Dunmore MacHales 0-02 (02)
100%
1964 Mountbellew 2-10 (16) Corofin 1-04 (07)
100%
1965 Mountbellew 1-09 (12) Dunmore MacHales 1-06 (09)
100%
1974 Mountbellew 1-05 (08) Corofin 0-07 (07)
100%
1986 Mountbellew/Moylough 0-05 (05),1-05 (08) (R) Milltown 0-05 (05),0-04 (04) (R)
100%
1938 Oughterard 2-05 (11) St Grellan's, Ballinasloe 1-03 (06)
100%
1990 Salthill-Knocknacarra 4-12 (24) Corofin 2-03 (09)
100%
2005 Salthill-Knocknacarra 0-11 (11) Carna-Cashel 2-02 (08)
100%
2012 Salthill-Knocknacarra 0-12 (12) Tuam Stars 0-07 (07)
100%
1892 Tuam Stars 0-03 (03) Caherlistrane 0-01 (01)
100%
1893 Tuam Stars Awarded
100%
1894 Tuam Stars 0-05 (05) Loughrea 0-00 (00)
100%
1895 Tuam Stars Walk-over Dunmore MacHales
100%
1896 Tuam Stars 1-00 (03) Loughrea 0-00 (00)
100%
1908 Tuam Stars Awarded St Grellan's, Ballinasloe
100%
1909 Tuam Stars 0-06 (06) Dunmore MacHales 0-05 (05)
100%
1911 Tuam Stars 3-00 (09) Dunmore MacHales 0-02 (02)
100%
1942 Tuam Stars 1-07 (10) Erin's Hope 0-04 (04)
100%
1943 Tuam Stars Awarded UCG
100%
1947 Tuam Stars 1-07 (10) An Chéad Cath (Army) 2-02 (08)
100%
1952 Tuam Stars 1-07 (10) Oughterard 1-04 (07)
100%
1954 Tuam Stars 1-09 (12) Dunmore MacHales 0-04 (04)
100%
1955 Tuam Stars 3-08 (17) St Grellan's, Ballinasloe 1-07 (10)
100%
1956 Tuam Stars 3-08 (17) St Grellan's, Ballinasloe 3-01 (10)
100%
1957 Tuam Stars 4-07 (19) Ballygar 2-06 (09)
100%
1958 Tuam Stars 2-15 (21) Ballygar 1-04 (07)
100%
1959 Tuam Stars Walk-over Annaghdown
100%
1960 Tuam Stars 1-10 (13) Dunmore MacHales 0-06 (06)
100%
1962 Tuam Stars 1-05 (08) Dunmore MacHales 0-06 (06)
100%
1984 Tuam Stars 1-09 (12) Dunmore MacHales 0-08 (07)
100%
1988 Tuam Stars 1-08 (11) Corofin 0-05 (05)
100%
1989 Tuam Stars 2-09 (15) Annaghdown 0-05 (05)
100%
1994 Tuam Stars 0-07 (07) Corofin 0-06 (06)
100%
1933 UCG 3-04 (13) Dunmore MacHales 2-05 (11)
100%
1934 UCG 5-09 (24) Annaghdown 1-06 (09)
100%
1937 UCG 6-07 (25) Wolfe Tones 1-04 (07)
100%
1940 An Chéad Cath 4-06 (18) Dunmore MacHales 2-03 (09)
67%
1951 An Chéad Cath 1-04 (07) St Grellan's, Ballinasloe 1-03 (06)
67%
1890 Caherlistrane 1-01 (04) Mountbellew 0-00 (00)
67%
1948 Fr. Griffins 2-04 (10) St Grellan's, Ballinasloe 0-06 (06)
67%
1949 Fr. Griffins Walk-over UCG
67%
1950 Fr. Griffins 4-08 (20) St Grellan's, Ballinasloe 2-03 (09)
67%
1967 Fr. Griffins 1-06 (09) Milltown 0-06 (06)
67%
1970 Fr. Griffins 2-07 (13) Corofin 1-08 (11)
67%
1972 Fr. Griffins 4-10 (22) Tuam Stars 2-07 (13)
67%
1975 Fr. Griffins 0-09 (09) Caltra 0-05 (05)
67%
1930 Galway Gaels 1-04 (07) St Grellan's, Ballinasloe 1-03 (06)
67%
1971 Milltown 0-05 (05) St Grellan's, Ballinasloe 0-04 (04)
67%
1981 Milltown 0-11 (11) St Grellan's, Ballinasloe 2-03 (09)
67%
2020 Moycullen 2-12 (18) Mountbellew-Moylough 1-11 (14)
67%
2022 Moycullen 1-10 (13) Salthill Knocknacarra 1-09 (12)
67%
1913 St Grellan's, Ballinasloe 3-06 (15) Clifden 1-01 (04)
67%
1914 St Grellan's, Ballinasloe 3-03 (12) Mountbellew 0-00 (00)
67%
1915 St Grellan's, Ballinasloe 3-08 (17) Tuam Stars 0-00 (00)
67%
1916 St Grellan's, Ballinasloe 2-06 (12) Tuam Stars 0-02 (02)
67%
1917 St Grellan's, Ballinasloe 3-03 (12) Tuam Stars 0-03 (03)
67%
1918 St Grellan's, Ballinasloe 1-05 (08) Tuam Stars 0-00 (00)
67%
1919 St Grellan's, Ballinasloe 2-07 (13) Mountbellew 1-04 (07)
67%
1922 St Grellan's, Ballinasloe 5-03 (18) Tuam Stars 1-01 (04)
67%
1923 St Grellan's, Ballinasloe
67%
1925 St Grellan's, Ballinasloe Galway Gaels
67%
1928 St Grellan's, Ballinasloe 2-08 (14) Tuam Stars 3-04 (13)
67%
1929 St Grellan's, Ballinasloe 3-09 (18) Galway Gaels 1-04 (07)
67%
1939 St Grellan's, Ballinasloe 4-05 (17) An Chéad Cath (Army) 1-01 (04)
67%
1944 St Grellan's, Ballinasloe 1-09 (12) Erin's Hope 1-03 (06)
67%
1945 St Grellan's, Ballinasloe 1-08 (11) Oughterard 0-03 (03)
67%
1979 St Grellan's, Ballinasloe 0-09 (09) Dunmore MacHales 0-08 (08)
67%
1980 St Grellan's, Ballinasloe 0-09 (09) Corofin 0-08 (08)
67%
1901 Tuam Krugers 0-05 (05) Dunmore MacHales 0-03 (03)
67%
1903 Athenry DeWets 0-06 (06) Galway Sarsfields 0-02 (02)
33%
1904 Athenry DeWets 2-05 (11) Tuam Stars 1-03 (06)
33%
1906 Athenry DeWets Dunmore MacHales
33%
1992 Monivea-Abbey 2-11 (17) Tuam Stars 0-11 (11)
33%
2021 Mountbellew-Moylough 1-12 (15) Corofin 0-09 (09)
33%
1905 Tuam Jarlaths 1-07 (10) Athenry DeWets 0-03 (03)
33%
1936 Wolfe Tones 0-09 (09) Corofin 1-00 (03)
0%
1941 Wolfe Tones 2-08 (14) St Grellan's, Ballinasloe 0-02 (02)
0%
No matching quizzes found
Score Distribution
Percent of People with Each Score
Percentile by Number Answered
Your Score History
You have not taken this quiz